LEADER 01082cam0 2200337 450 001 000000235 005 20090123095300.0 010 $a88-8091-157-0 100 $a19991229d1995----km-y0itay50------ba 101 0 $aita 102 $aIT 105 $ay---j---001yy 200 1 $aEsercizi di microeconomia$fRoberto Cellini, Luca Lambertini 205 $a2. ed. 210 $aBologna$cCLUEB$d1995 215 $a327 p.$d24 cm 225 2 $aManuali didattici della Collana di Economia$v6 410 0$12001$aManuali didattici della Collana di Economia 451 0$1001000000236 451 0$1001000014804 500 10$aEsercizi di microeconomia$935230 610 1 $aMicroeconomia$aEsercizi 676 $a338.5076$v20$9Economia generale della produzione. Prontuari ed esercizi 700 1$aCellini,$bRoberto$0438185 701 1$aLambertini,$bLuca$081232 801 0$aIT$bUNIPARTHENOPE$gRICA$2UNIMARC 912 $a000000235 951 $a022/215$b7779$cNAVA2 951 $a338-E/16$b32579$cNAVA1$d20000103 996 $aEsercizi di microeconomia$935230 997 $aUNIPARTHENOPE LEADER 00972nam2 2200289 450 001 000006910 005 20060329135020.0 100 $a20060329d2002----km-y0itay50------ba 101 0 $aita 102 $aIT 105 $ay-------001yy 200 1 $a<>contratto in generale$fMario Bessone$ga cura di Rosalba Alessi, Giuseppe Grisi 210 $aMilano$cGiuffrè$d2002 215 $av.$d24 cm 327 1 $a1.: Il contratto nella società moderna$a2.1-2.2: Requisiti ed elementi del contratto 461 0$1001000006909$12001$aCasi e questioni di diritto privato$fMario Bessone$vv. 21 676 $a346.450076$v20 700 1$aBessone,$bMario$08876 702 1$aAlessi,$bRosalba 702 1$aGrisi,$bGiuseppe 801 0$aIT$bUNIPARTHENOPE$c20060329$gRICA$2UNIMARC 912 $a000006910 951 $aD0060$b35955(1)$cNAVA3 951 $aD0061$b35955(2)$cNAVA3 951 $aD0062$b35955(3)$cNAVA3 996 $aContratto in generale$968718 997 $aUNIPARTHENOPE